| 000 | 00463nam a22001695i 4500 | ||
|---|---|---|---|
| 999 |
_c112466 _d112466 |
||
| 001 | 20228224 | ||
| 005 | 20190601103546.0 | ||
| 008 | 171221s2018 nyu 000 0 eng | ||
| 020 | _a9789811054501 | ||
| 040 | _cPK-LaUMT | ||
| 082 |
_a712 _bYUA-U |
||
| 100 | _aYuan, Chao | ||
| 245 | 0 | 0 |
_aUrban wind environment : _bintegrated climate-sensitive planning and design / _cby Chao Yuan |
| 260 |
_aSingapore : _bSpringer, _c2018 |
||
| 300 | _a171 p. | ||
| 942 | _cBK | ||